00301nam a2200121Ia 4500008004100000100001400041245002900055260004000084300000900124650002400133942000700157999001500164190216s9999||||xx |||||||||||||| ||und|| aFinar I L 0aOrganic Chemistry Vol Ii bEnglish Language Book Societyc1973 a964p aChemistry-Chemistry cBK c2067d2067